000 00550nam a2200205Ia 4500
005 20250508151054.0
008 008 250505s9999 xx 000 0 eng d
037 _aBooks to be hide in OPAC
040 _aFEDL
_beng
_cFEDL
041 _aeng
_2eng
084 _a371.7, PAR/O
_qFEDL
100 _aParker Bertha Morris
245 0 _aKeeping well
260 _c1946
300 _a35p.
490 _aThe basic science education
700 _a Downing Elizabeth M
_9758337
942 _cHB
_h371.7, PAR/O
999 _c1327417
_d1327417